000 00601nam a2200241Ia 4500
003 OSt
005 20221005125222.0
006 a|||||r|||| 00| 0
007 ta
008 221004b |||||||| |||| 00| 0 mar d
024 _a40645
037 _cTextual
040 _aCRL
_cCRL
_bmar
041 _2mar
_amar
082 _aO155,3M98,16, 156K1
100 _aKhandekar V.S.
245 0 _aPaheli prit
260 _c1961
300 _a250p.
_ccm.
650 _aGUJRATI LITERATURE
942 _hO155,3M98,16, 156K1
_cTEXL
_2cc
999 _c1053312
_d1053312